A Decade of Football - 1970s - Statistics

General Stats
  • This quiz has been taken 34 times
  • The average score is 73 of 108
Answer Stats
Year Competition Answer % Correct
1971 Serie A Inter MIlan
96%
1971 French Division 1 Marseille
96%
1972 French Division 1 Marseille
96%
1974 La Liga Barcelona
92%
1979 Cup Winners' Cup Barcelona
92%
1972 Bundesliga Bayern Munich
92%
1973 Bundesliga Bayern Munich
92%
1974 Bundesliga Bayern Munich
92%
1974 European Cup Bayern Munich
92%
1975 European Cup Bayern Munich
92%
1976 European Cup Bayern Munich
92%
1973 First Division Liverpool
92%
1973 UEFA Cup Liverpool
92%
1976 First Division Liverpool
92%
1976 UEFA Cup Liverpool
92%
1977 First Division Liverpool
92%
1977 European Cup Liverpool
92%
1978 European Cup Liverpool
92%
1979 First Division Liverpool
92%
1973 Cup Winners' Cup Milan
92%
1979 Serie A Milan
92%
1972 La Liga Real Madrid
92%
1975 La Liga Real Madrid
92%
1976 La Liga Real Madrid
92%
1978 La Liga Real Madrid
92%
1979 La Liga Real Madrid
92%
1972 Serie A Juventus
88%
1973 Serie A Juventus
88%
1975 Serie A Juventus
88%
1977 Serie A Juventus
88%
1977 UEFA Cup Juventus
88%
1978 Serie A Juventus
88%
1971 European Cup Ajax
85%
1972 European Cup Ajax
85%
1973 European Cup Ajax
85%
1970 World Cup Brazil
85%
1970 First Division Everton
85%
1971 Inter-Cities Fairs Cup Leeds United
81%
1974 First Division Leeds United
81%
1978 First Division Nottingham Forest
81%
1979 European Cup Nottingham Forest
81%
1971 Cup Winners' Cup Chelsea
77%
1977 Cup Winners' Cup Hamburg
77%
1979 Bundesliga Hamburg
77%
1978 World Cup Argentina
73%
1970 Inter-Cities Fairs Cup Arsenal
73%
1971 First Division Arsenal
73%
1970 La Liga Atlético Madrid
73%
1973 La Liga Atlético Madrid
73%
1977 La Liga Atlético Madrid
73%
1971 La Liga Valencia
69%
1972 European Championship West Germany
69%
1974 World Cup West Germany
69%
1975 Copa América Peru
65%
1970 French Division 1 Saint-Étienne
65%
1974 French Division 1 Saint-Étienne
65%
1975 French Division 1 Saint-Étienne
65%
1976 French Division 1 Saint-Étienne
65%
1970 Bundesliga Borussia Mönchengladbach
62%
1971 Bundesliga Borussia Mönchengladbach
62%
1975 Bundesliga Borussia Mönchengladbach
62%
1975 UEFA Cup Borussia Mönchengladbach
62%
1976 Bundesliga Borussia Mönchengladbach
62%
1977 Bundesliga Borussia Mönchengladbach
62%
1979 UEFA Cup Borussia Mönchengladbach
62%
1972 First Division Derby County
62%
1975 First Division Derby County
62%
1970 European Cup Feyenoord
62%
1974 UEFA Cup Feyenoord
62%
1971 Ballon d'Or Johan Cruyff
62%
1973 Ballon d'Or Johan Cruyff
62%
1974 Ballon d'Or Johan Cruyff
62%
1978 French Division 1 Monaco
62%
1974 Serie A Lazio
58%
1970 Cup Winners' Cup Manchester City
58%
1971 CONCACAF Championship Mexico
58%
1977 CONCACAF Championship Mexico
58%
1973 French Division 1 Nantes
58%
1977 French Division 1 Nantes
58%
1972 Ballon d'Or Franz Beckenbauer
54%
1976 Ballon d'Or Franz Beckenbauer
54%
1973 Oceania Cup New Zealand
54%
1972 Cup Winners' Cup Rangers
54%
1976 Serie A Torino
54%
1970 Ballon d'Or Gerd Müller
50%
1972 Asian Cup Iran
50%
1976 Asian Cup Iran
50%
1978 Ballon d'Or Kevin Keegan
50%
1979 Ballon d'Or Kevin Keegan
50%
1978 Bundesliga Koln
50%
1974 AFCON Zaire
50%
1976 European Championship Czechoslovakia
46%
1976 AFCON Morocco
46%
1979 Copa América Paraguay
46%
1970 Serie A Cagliari
42%
1978 UEFA Cup PSV Eindhoven
42%
1976 Cup Winners' Cup Anderlecht
38%
1978 Cup Winners' Cup Anderlecht
38%
1978 AFCON Ghana
35%
1972 AFCON PR Congo
35%
1979 French Division 1 Strasbourg
35%
1972 UEFA Cup Tottenham Hotspur
35%
1973 CONCACAF Championship Haiti
31%
1975 Cup Winners' Cup Dynamo Kyiv
23%
1974 Cup Winners' Cup Magdeburg
19%
1970 AFCON Sudan
19%
1977 Ballon d'Or Allan Simonsen
15%
1975 Ballon d'Or Oleg Blokhin
12%
No matching quizzes found
Score Distribution
Percent of People with Each Score
Percentile by Number Answered
Your Score History
You have not taken this quiz